| 000 | 01181nam a22002657a 4500 | ||
|---|---|---|---|
| 005 | 20170124102936.0 | ||
| 010 | _aA-984672 | ||
| 020 |
_c150.00 _a817778000 |
||
| 035 | _aA-984672 | ||
| 037 | _bCen Lib/Ret | ||
| 040 |
_aDPL _bHN |
||
| 082 |
_a827 _bमुज्तबा |
||
| 100 |
_aमुज्तबा हुसैन _946637 |
||
| 245 |
_aचेहरा-दर-चेहरा / _cमुज्तबा हुसैन; संपादक शरद दत्त |
||
| 246 |
_aChehra-dar-chehra / _bby Mujtaba Husain; sanpadak Sharad Dutt |
||
| 260 |
_aदिल्ली _bसारांश प्रकाशन _c1999 |
||
| 270 |
_bदिल्ली _a142-ई, पॉकेट-४, मयूर विहार फेज-I _e110091 |
||
| 300 |
_a189पृ. _c21सेमी(सजिल्द) |
||
| 650 |
_aहिन्दी साहित्य _946638 |
||
| 650 |
_aहिन्दी साहित्य -- कहानियां _946639 |
||
| 650 |
_aHindi literature _946640 |
||
| 650 |
_aHindi literature -- Stories _946641 |
||
| 700 |
_a दत्त, शरद _946642 |
||
| 942 |
_2ddc _cHN _h827 _mमुज्तबा |
||
| 999 |
_c112270 _d112270 |
||